| 000 | 01099cam a22003377a 4500 | ||
|---|---|---|---|
| 003 | CHAP | ||
| 005 | 20220817044257.0 | ||
| 008 | 090629s2006 it rn 00010 eng d | ||
| 010 | _a96434 | ||
| 011 | _a97406 | ||
| 020 | _a9789251059180 | ||
| 035 | _a108074 | ||
| 040 | _cCHAP | ||
| 082 | 0 | 4 |
_a632.93 _bF3y v.191 |
| 110 | 2 | _aFAO | |
| 245 | 1 | 0 |
_aPesticide residues in food : _breport 2007 _c/by FAO |
| 260 |
_aRome : _bFAO, _c2007 |
||
| 300 |
_aix, 191 p. : _bcuadros |
||
| 490 | 0 |
_aFAO. Producción y protección vegetal _v; 191 |
|
| 590 |
_aBATCH-UPD _b10 _c20130110 _lUCH01 _h1753 |
||
| 590 |
_aBATCH-UPD _b10 _c20130410 _lUCH01 _h1130 |
||
| 590 |
_aBATCH-UPD _b10 _c20130914 _lUCH01 _h0216 |
||
| 590 |
_aCONVERSION _b10 _c20130109 _lUCH01 _h1353 |
||
| 650 | 1 | 4 |
_aAlimentos _xContaminacion por pesticidas. _94208 |
| 650 | 1 | 4 |
_aPesticidas _xResiduos. _987570 |
| 650 | 1 | 4 |
_aPesticidas _xToxicidad. _987571 |
| 830 | 0 |
_aFAO. Producción y protección vegetal _v; 191 _939654 |
|
| 901 | _aBK | ||
| 942 | _cLIBRO | ||
| 949 |
_a636.93 F3y v.191 _bBC _cFAO _d33724002074892 _eFAO1 _gDonaciØn _h110718 _i108074 _sb |
||
| 999 |
_c96434 _d96434 |
||